|
|
|
|
| LEADER |
00000nab a2200000u 4500 |
| 001 |
vtls011773084 |
| 003 |
SK-MaSNL |
| 005 |
20260303084335.0 |
| 008 |
180817|2017 xo ||||||| || ||slo| |
| 038 |
|
|
|a KEVKJB
|
| 040 |
|
|
|a KEVKJB
|b slo
|e rda
|
| 041 |
0 |
|
|a slo
|
| 043 |
|
|
|a e-xo---
|
| 044 |
|
|
|a xo
|c SK
|
| 072 |
|
7 |
|a 72
|x Architektúra
|2 konspekt
|
| 080 |
|
|
|a 725.945
|2 2011
|
| 100 |
1 |
|
|a Ambrušová, Uršula,
|d 1972-
|4 aut
|9 180307
|
| 245 |
1 |
0 |
|a Columna vero murata murovaný stĺp na Ťahanovciach
|c Uršula Ambrušová
|
| 300 |
|
|
|b Fotografie
|
| 336 |
|
|
|a text
|b txt
|2 rdacontent
|
| 337 |
|
|
|a bez média
|b n
|2 rdamedia
|
| 338 |
|
|
|a zväzok
|b nc
|2 rdacarrier
|
| 610 |
2 |
7 |
|a Pamätník poľských dobrovoľníkov (Košice, Slovensko)
|2 kevkjb
|9 1082842
|
| 650 |
0 |
7 |
|a pamätníky
|2 kevkjb
|9 25601
|
| 650 |
0 |
7 |
|a murované stĺpy
|2 kevkjb
|9 1088376
|
| 650 |
0 |
7 |
|a archívne výskumy
|2 kevkjb
|9 377131
|
| 651 |
|
7 |
|a Košice (Slovensko)
|2 kevkjb
|9 18694
|
| 651 |
|
7 |
|a Sídlisko Ťahanovce (Košice I, Slovensko)
|2 kevkjb
|9 176886
|
| 773 |
0 |
|
|t Ťahanovské noviny
|g Roč. XV, č. 4 (2017), s. 6
|x 1338-9203
|
| 852 |
|
|
|a KEVKJB
|b KIS3GCP
|
| 999 |
|
|
|c 1795021
|d 1796951
|